| 000 | 00990cad a22001935a 4500 | ||
|---|---|---|---|
| 001 | a153874 | ||
| 008 | 110914s2011 xxk f 000 0 eng d | ||
| 035 | _a(Sirsi) u153874 | ||
| 041 | 0 | _aeng | |
| 110 | 2 |
_aEngland and Wales _bEnvironment Agency _92469 |
|
| 245 | 0 | 0 |
_aFlood and coastal erosion risk management progress report 2008-2011 for England _h[electronic resource] |
| 260 |
_a[S.l.] _bEnvironment Agency _c2011 |
||
| 520 | _aSummary of the achievements of the Environment Agency and partners in delivering DEFRA outcome measures between 2008 and 2011. Details of the nine outcome measures set by government in 2008 with what has been achieved against each measure. | ||
| 590 | _aKA NTK | ||
| 651 | 4 |
_aEngland _y886- |
|
| 690 | _aENVIRONMENTAL AND LAND CONSULTANCY-WATER RESOURCE MANAGEMENT-FLOODING | ||
| 856 | 4 | 0 |
_uhttps://publications.environment-agency.gov.uk/PDF/GEHO0711BUBK-E-E.pdf _zView the item free of charge at http://publications.environment-agency.gov.uk |
| 942 | _n0 | ||
| 999 |
_c112741 _d112741 |
||